La Strada /

Bibliographic Details
Other Authors: Fellini, Federico, Bondanella, Peter, 1943-2017, Gieri, Manuela
Format: Book
Language:English
Published: New Brunswick : Rutgers University Press, [1987]
Series:Rutgers films in print ; v. 8.
Subjects:

MARC

Tag First Indicator Second Indicator Subfields
LEADER 00000cam a22000008a 4500
001 in00000008125
005 20180526063104.0
008 861020s1987 nkca b 00000 eng
010 |a  86027960  
020 |a 0813512360 :  |c $25.00 
020 |a 0813512379 (pbk.) :  |c $11.00 
035 |a (OCoLC)14588009 
035 |9 AAA0483AM 
040 |a DLC  |c DLC  |d m/c  |d TXA  |d UtOrBLW 
050 0 0 |a PN1997  |b .S774 1987 
082 0 |a 791.43/72  |2 19 
245 0 3 |a La Strada /  |c Federico Fellini, director ; Peter Bondanella and Manuela Gieri, editors. 
263 |a 8711 
264 1 |a New Brunswick :  |b Rutgers University Press,  |c [1987] 
264 4 |c ©1987 
300 |a vi, 270 pages :  |b illustrations 
336 |a text  |b txt  |2 rdacontent 
337 |a unmediated  |b n  |2 rdamedia 
338 |a volume  |b nc  |2 rdacarrier 
490 1 |a Rutgers films in print ;  |v v. 8 
504 |a Filmography: pages [265]-266. 
504 |a Bibliography: pages [267]-270. 
630 3 0 |a La Strada (Motion picture) 
700 1 |a Fellini, Federico. 
700 1 |a Bondanella, Peter,  |d 1943-2017. 
700 1 |a Gieri, Manuela. 
730 3 |a La Strada (Motion picture) 
830 0 |a Rutgers films in print ;  |v v. 8. 
999 |a MARS 
999 f f |s 672e26e5-7028-341c-a24f-d5172811408b  |i 79d652e7-9b88-31dc-8dd9-41af51539aa8  |t 0 
952 f f |p ric  |a Texas A&M University  |b Rellis Campus  |c Joint Library Facility  |d Remote Storage  |t 0  |e PN1997 .S774 1987  |h Library of Congress classification  |i unmediated -- volume  |m A14812563728 
998 f f |a PN1997 .S774 1987  |t 0  |l Remote Storage